[Event "Seville op 39th"]
[Site "Seville"]
[Date "2014.01.14"]
[Round "5"]
[White "Duran Cuevas, Andres Ignacio"]
[Black "Romero Sanchez, Jesus"]
[Result "1/2-1/2"]
[WhiteElo "1914"]
[BlackElo "2121"]
[PlyCount "183"]
[EventDate "2014.01.10"]
[EventType "swiss"]
[EventRounds "9"]
[EventCountry "ESP"]
[SourceTitle "CBM 158 Extra"]
[Source "ChessBase"]
[SourceDate "2014.02.28"]
[SourceVersion "1"]
[SourceVersionDate "2014.02.28"]
[SourceQuality "1"]

1. e4 Nf6 2. Nc3 d5 3. exd5 Nxd5 4. Bc4 Nb6 5. Bb3 Nc6 6. Nf3 Bf5 7. 0-0 e6 8. d3 Be7 9. Bf4 0-0 10. h3 Na5 11. Nb5 Nxb3 12. axb3 Nd5 13. Bd2 a6 14. Nc3 Nb4 15. Re1 c5 16. Ne4 Nc6 17. Bc3 Qc7 18. Ng3 Bg6 19. Ne5 Nxe5 20. Bxe5 Qc6 21. Qg4 f6 22. Bc3 e5 23. Nf5 Bd8 24. Re3 Qc8 25. Nh4 Qxg4 26. hxg4 Bf7 27. Nf5 Bc7 28. b4 cxb4 29. Bxb4 Rfd8 30. Ba5 b6 31. Bc3 Be6 32. f3 a5 33. Rae1 b5 34. Kh1 Bb6 35. R3e2 b4 36. Bd2 b3 37. cxb3 Bxb3 38. Be3 Bxe3 39. Rxe3 g6 40. Ng3 a4 41. Ne4 Kg7 42. Rc1 Rac8 43. Ree1 Bc2 44. Re2 Bxd3 45. Rxc8 Rxc8 46. Re3 Bxe4 47. Rxe4 Ra8 48. Kh2 Kf7 49. g5 Ke6 50. gxf6 Kxf6 51. Kg3 Kf5 52. Kh3 h5 53. g4+ hxg4+ 54. Rxg4 g5 55. Kg3 Ra7 56. Rb4 Ra8 57. Rc4 a3 58. bxa3 Rxa3 59. Rb4 Rd3 60. Ra4 Rd4 61. Ra8 Rd1 62. Ra4 Rb1 63. Rc4 Ke6 64. Ra4 Kd5 65. Ra5+ Ke6 66. Ra6+ Kf5 67. Ra4 Rg1+ 68. Kf2 Rh1 69. Kg2 Rh4 70. Ra8 Kf4 71. Ra4+ Kf5 72. Ra8 Rd4 73. Rf8+ Ke6 74. Re8+ Kf6 75. Rf8+ Kg7 76. Re8 Rd5 77. Kg3 Kf7 78. Ra8 Rd4 79. Ra5 Kf6 80. Ra6+ Kf5 81. Ra8 e4 82. Ra5+ Kg6 83. fxe4 Rxe4 84. Ra8 Rb4 85. Rg8+ Kf6 86. Rf8+ Ke7 87. Rf5 g4 88. Rf4 Rxf4 89. Kxf4 g3 90. Kf3 g2 91. Kf2 g1Q+ 92. Kxg1 1/2-1/2

[Event "Mallorca-ch 0102 Preferente"]
[Site "Palma de Mallorca"]
[Date "2001.12.15"]
[Round "7"]
[White "Duran Cuevas, Andres Ignacio"]
[Black "Gonzalez Marquez, Arturo"]
[Result "1-0"]
[WhiteElo "2022"]
[BlackElo "2116"]
[PlyCount "63"]
[EventDate "2001.10.06"]
[EventType "swiss"]
[EventRounds "7"]
[EventCountry "ESP"]
[SourceTitle "EXT 2003"]
[Source "ChessBase"]
[SourceDate "2002.11.25"]
[SourceVersion "1"]
[SourceVersionDate "2002.11.25"]
[SourceQuality "1"]

1. e4 c5 2. b4 d6 3. Bb2 a6 4. Nf3 Nf6 5. bxc5 dxc5 6. e5 Nd5 7. c4 Nf4 8. Nc3 Nc6 9. g3 Ng6 10. Ne4 Bg4 11. Nxc5 Ngxe5 12. Be2 Bxf3 13. Bxf3 Qb6 14. Bxe5 Qxc5 15. d4 Qb4+ 16. Kf1 f6 17. Bf4 Rd8 18. Be3 e5 19. Rb1 Qxc4+ 20. Kg2 Rd7 21. Qd2 Be7 22. Rhc1 Qa4 23. Bd1 Qa3 24. Bg4 Rd8 25. Rxb7 Nxd4 26. Rcc7 Bd6 27. Rxg7 h5 28. Bh3 Qa4 29. Bxd4 Qxd4 30. Bf5 Ra8 31. Bg6+ Kd8 32. Qa5+ 1-0

[Event "Mallorca-ch 0102 Preferente"]
[Site "Palma de Mallorca"]
[Date "2001.11.03"]
[Round "4"]
[White "Sabater Moner, Guillermo"]
[Black "Duran Cuevas, Andres Ignacio"]
[Result "1-0"]
[WhiteElo "2182"]
[BlackElo "2022"]
[PlyCount "71"]
[EventDate "2001.10.06"]
[EventType "swiss"]
[EventRounds "7"]
[EventCountry "ESP"]
[SourceTitle "EXT 2003"]
[Source "ChessBase"]
[SourceDate "2002.11.25"]
[SourceVersion "1"]
[SourceVersionDate "2002.11.25"]
[SourceQuality "1"]

1. Nf3 d6 2. d4 Nd7 3. g3 c6 4. Bg2 Qc7 5. 0-0 Ngf6 6. c4 e5 7. Nc3 Be7 8. e4 0-0 9. h3 Rd8 10. Be3 Nf8 11. d5 Ng6 12. Nd2 Bd7 13. Rc1 Qc8 14. Kh2 h5 15. b4 h4 16. c5 hxg3+ 17. fxg3 Kh7 18. Nf3 Rh8 19. Ng5+ Kg8 20. Kg1 Bxh3 21. Bxh3 Rxh3 22. Nxh3 Qxh3 23. Qf3 Ng4 24. Rc2 dxc5 25. bxc5 cxd5 26. Nxd5 f6 27. Qg2 Qxg2+ 28. Kxg2 Nxe3+ 29. Nxe3 Rc8 30. Rfc1 Rc6 31. Nd5 Bf8 32. Rb2 Ra6 33. Rxb7 Rxa2+ 34. Kh3 Ra3 35. c6 Bd6 36. Rd7 1-0

[Event "Mallorca-ch pref"]
[Site "Palma de Mallorca"]
[Date "2000.12.16"]
[Round "7"]
[White "Duran Cuevas, Andres Ignacio"]
[Black "Bellon Lopez, Jose Maria"]
[Result "0-1"]
[WhiteElo "2043"]
[BlackElo "2104"]
[PlyCount "150"]
[EventDate "2000.??.??"]
[EventType "swiss"]
[EventRounds "8"]
[EventCountry "ESP"]
[SourceTitle "EXT 2003"]
[Source "ChessBase"]
[SourceDate "2002.11.25"]
[SourceVersion "1"]
[SourceVersionDate "2002.11.25"]
[SourceQuality "1"]

1. e4 d6 2. d4 Nf6 3. Bd3 e5 4. dxe5 dxe5 5. Nf3 Bd6 6. 0-0 Bg4 7. h3 Bh5 8. b3 Nbd7 9. Bb2 Qe7 10. Nbd2 c6 11. Nc4 Bc7 12. a4 0-0-0 13. Ba3 Qe6 14. Ne3 Kb8 15. Nf5 Ne8 16. Bc4 Bxf3 17. Qxf3 Qg6 18. Be7 Rc8 19. Nh4 Qh6 20. Bxf7 Nd6 21. g4 Rhf8 22. Rad1 Rxf7 23. Rxd6 Rxf3 24. Rxh6 Rf7 25. Rxh7 Rxe7 26. Nf5 Rf7 27. Rxg7 Rxg7 28. Nxg7 Bb6 29. Kg2 Nc5 30. Re1 Rg8 31. Nh5 Ne6 32. Kg3 Rf8 33. Re2 Nd4 34. Rd2 Rf3+ 35. Kg2 Rc3 36. g5 Nf3 37. Rd3 Rxd3 38. cxd3 Nxg5 39. f4 Nf7 40. f5 Kc8 41. Kf3 Kd7 42. Kg4 Ke7 43. Ng7 Be3 44. Ne6 b6 45. h4 Kf6 46. Kf3 Bc1 47. Ke2 Nd6 48. Nd8 c5 49. Ne6 Nb7 50. Nc7 Na5 51. Nd5+ Kf7 52. Kd1 Bh6 53. Kc2 Nc6 54. Kc3 Nd4 55. Kc4 Bd2 56. Nc7 Nf3 57. h5 Nd4 58. Nb5 Nc6 59. Kd5 Nb4+ 60. Kxe5 Nxd3+ 61. Kd6 a6 62. Na3 Bc1 63. Nc4 b5 64. axb5 axb5 65. Nb6 Be3 66. Nd5 Bd4 67. Nb6 Nc1 68. e5 Nxb3 69. h6 Nd2 70. e6+ Ke8 71. Nd5 Ne4+ 72. Kc6 b4 73. h7 Bh8 74. f6 Nxf6 75. Kxc5 Nxd5 0-1

[Event "Mallorca-ch pref"]
[Site "Palma de Mallorca"]
[Date "2000.11.18"]
[Round "5"]
[White "Sabater Moner, Guillermo"]
[Black "Duran Cuevas, Andres Ignacio"]
[Result "1-0"]
[WhiteElo "2190"]
[BlackElo "2043"]
[PlyCount "68"]
[EventDate "2000.??.??"]
[EventType "swiss"]
[EventRounds "8"]
[EventCountry "ESP"]
[SourceTitle "EXT 2003"]
[Source "ChessBase"]
[SourceDate "2002.11.25"]
[SourceVersion "1"]
[SourceVersionDate "2002.11.25"]
[SourceQuality "1"]

1. Nf3 d6 2. d4 Nd7 3. g3 e5 4. dxe5 dxe5 5. Bg2 Be7 6. 0-0 Ngf6 7. b3 c6 8. Bb2 Qc7 9. Nbd2 b5 10. Nxe5 Bb7 11. Nxd7 Qxd7 12. Nf3 Qc7 13. Qc1 0-0 14. c4 b4 15. Qc2 Rfe8 16. Rad1 c5 17. Nh4 g6 18. Bxb7 Qxb7 19. Ng2 Ne4 20. Ne3 f5 21. Nd5 Kf7 22. Rd3 h5 23. Rfd1 h4 24. Rf3 Bf6 25. Nxf6 Nxf6 26. g4 Qe4 27. Qxe4 Rxe4 28. gxf5 gxf5 29. Rxf5 Rg8+ 30. Kf1 Rg6 31. Rd6 Re6 32. Rxe6 Kxe6 33. Rxf6+ Rxf6 34. Bxf6 Kxf6 1-0

[Event "Mallorca-ch pref"]
[Site "Palma de Mallorca"]
[Date "2000.10.28"]
[Round "2"]
[White "Pons Morro, Mateo Andres"]
[Black "Duran Cuevas, Andres Ignacio"]
[Result "1/2-1/2"]
[WhiteElo "2259"]
[BlackElo "2043"]
[PlyCount "103"]
[EventDate "2000.??.??"]
[EventType "swiss"]
[EventRounds "8"]
[EventCountry "ESP"]
[SourceTitle "EXT 2003"]
[Source "ChessBase"]
[SourceDate "2002.11.25"]
[SourceVersion "1"]
[SourceVersionDate "2002.11.25"]
[SourceQuality "1"]

1. e4 e5 2. Nf3 d6 3. d4 Nd7 4. Bc4 c6 5. 0-0 Be7 6. c3 Ngf6 7. Nbd2 Qc7 8. Qb3 0-0 9. dxe5 Nxe5 10. Nxe5 dxe5 11. a4 Bd7 12. Qc2 b5 13. Bb3 a5 14. Nf3 Bg4 15. Be3 Bh5 16. h3 Bg6 17. Nd2 Nd7 18. axb5 cxb5 19. Bd5 Rac8 20. Qd3 b4 21. Nc4 bxc3 22. bxc3 Nf6 23. Nb6 Qxc3 24. Qa6 Rcd8 25. Rfc1 Qb4 26. Rab1 Qd6 27. Bc5 Qxc5 28. Rxc5 Bxc5 29. Qxa5 Nxe4 30. Bxe4 Bxe4 31. Re1 Bxb6 32. Qxb6 Rb8 33. Qd6 Rb1 34. Rxb1 Bxb1 35. Qxe5 Ba2 36. h4 f6 37. Qa5 Bf7 38. f3 h6 39. Qc5 Re8 40. Kf2 Kh8 41. g4 Bg8 42. f4 Re6 43. Qf8 Kh7 44. Qc8 Re7 45. Qc5 Re6 46. Qf5+ Kh8 47. Qd3 Rb6 48. g5 fxg5 49. fxg5 Rb2+ 50. Kg1 Rb6 51. Qd4 Rc6 52. Qe3 1/2-1/2